[Event "Stay Safe Play From Home 252"]
[Site "Emanuel Lasker Arena"]
[Date "2020.06.24"]
[Round "3"]
[White "Indianquant"]
[Black "Position"]
[Result "1-0"]
[WhiteElo "2329"]
[BlackElo "2096"]
[PlyCount "57"]
[EventDate "2020.06.24"]
[EventType "swiss (blitz)"]

1. Nf3 {[%emt 0:00:06]} d6 {[%emt 0:00:02]} 2. d4 {[%emt 0:00:02]} Nf6 {[%emt 0:00:01]} 3. c4 {[%emt 0:00:02]} g6 {[%emt 0:00:01]} 4. Nc3 {[%emt 0:00:01]} Bg7 {[%emt 0:00:01]} 5. e4 {[%emt 0:00:01]} O-O {[%emt 0:00:00]} 6. Be2 {[%emt 0:00:00]} Nbd7 {[%emt 0:00:01]} 7. O-O {[%emt 0:00:01]} c5 {[%emt 0:00:00]} 8. Be3 {[%emt 0:00:03]} cxd4 {[%emt 0:00:02]} 9. Nxd4 {[%emt 0:00:00]} Nc5 {[%emt 0:00:02]} 10. f3 {[%emt 0:00:01]} Bd7 {[%emt 0:00:01]} 11. Qd2 {[%emt 0:00:03]} Re8 {[%emt 0:00:04]} 12. b4 {[%emt 0:00:35]} Ne6 {[%emt 0:00:02]} 13. Nb3 {[%emt 0:00:11]} a6 {[%emt 0:00:10]} 14. f4 {[%emt 0:00:10]} Rc8 {[%emt 0:00:06]} 15. e5 {[%emt 0:00:10]} dxe5 {[%emt 0:00:02]} 16. fxe5 {[%emt 0:00:02]} Nh5 {[%emt 0:00:01]} 17. g4 {[%emt 0:00:13]} Bxe5 {[%emt 0:00:14]} 18. gxh5 {[%emt 0:00:01]} b5 {[%emt 0:00:10]} 19. c5 {[%emt 0:00:14]} Qc7 {[%emt 0:00:03]} 20. Bf3 {[%emt 0:00:09]} Rcd8 {[%emt 0:00:07]} 21. Nd5 {[%emt 0:00:06]} Qb8 {[%emt 0:00:01]} 22. Rad1 {[%emt 0:00:04]} Bc6 {[%emt 0:00:11]} 23. Qf2 {[%emt 0:00:13]} Bxd5 {[%emt 0:00:24]} 24. Bxd5 {[%emt 0:00:00]} Rf8 {[%emt 0:00:01]} 25. Bh6 {[%emt 0:00:15]} Bg7 {[%emt 0:00:13]} 26. Bxg7 {[%emt 0:00:02]} Kxg7 {[%emt 0:00:01]} 27. Qe3 {[%emt 0:00:05]} Nc7 {[%emt 0:00:06]} 28. h6+ {[%emt 0:00:06]} Kh8 {[%emt 0:00:03]} 29. Qxe7 {[%emt 0:00:12] Position resigns (Lag: Av=2.02s, max=5.5s)} 1-0

[Event "Stay Safe Play From Home 252"]
[Site "Emanuel Lasker Arena"]
[Date "2020.06.24"]
[Round "3"]
[White "Weltszmerc"]
[Black "Viani A Dcunha"]
[Result "0-1"]
[WhiteElo "2095"]
[BlackElo "1795"]
[PlyCount "68"]
[EventDate "2020.06.24"]
[EventType "swiss (blitz)"]

1. d4 {[%emt 0:00:02]} Nf6 {[%emt 0:00:01]} 2. c4 {[%emt 0:00:00]} g6 {[%emt 0:00:00]} 3. Nc3 {[%emt 0:00:01]} Bg7 {[%emt 0:00:00]} 4. e4 {[%emt 0:00:00]} d6 {[%emt 0:00:00]} 5. f4 {[%emt 0:00:01]} O-O {[%emt 0:00:00]} 6. Nf3 {[%emt 0:00:01]} c5 {[%emt 0:00:00]} 7. d5 {[%emt 0:00:01]} e6 {[%emt 0:00:01]} 8. Be2 {[%emt 0:00:03]} exd5 {[%emt 0:00:01]} 9. exd5 {[%emt 0:00:00]} Re8 {[%emt 0:00:01]} 10. O-O {[%emt 0:00:01]} Ne4 {[%emt 0:00:06]} 11. Nxe4 {[%emt 0:00:03]} Rxe4 {[%emt 0:00:00]} 12. Bd3 {[%emt 0:00:01]} Re8 {[%emt 0:00:01]} 13. h3 {[%emt 0:00:00]} Nd7 {[%emt 0:00:01]} 14. Qc2 {[%emt 0:00:04]} Nf6 {[%emt 0:00:01]} 15. Rb1 {[%emt 0:00:03]} a6 {[%emt 0:00:01]} 16. Bd2 {[%emt 0:00:02]} b5 {[%emt 0:00:02]} 17. cxb5 {[%emt 0:00:04]} Nxd5 {[%emt 0:00:01]} 18. Bc4 {[%emt 0:00:08]} Nb6 {[%emt 0:00:08]} 19. Ng5 {[%emt 0:00:09]} d5 {[%emt 0:00:09]} 20. Bd3 {[%emt 0:00:27]} c4 {[%emt 0:00:05]} 21. Ba5 {[%emt 0:00:01]} axb5 {[%emt 0:00:08]} 22. Bxb6 {[%emt 0:00:03]} Qxb6+ {[%emt 0:00:02]} 23. Kh1 {[%emt 0:00:01]} cxd3 {[%emt 0:00:04]} 24. Qxd3 {[%emt 0:00:00]} Bf5 {[%emt 0:00:01]} 25. Qxd5 {[%emt 0:00:03]} Qf6 {[%emt 0:00:20]} 26. Rbe1 {[%emt 0:00:07]} h6 {[%emt 0:00:04]} 27. Nf3 {[%emt 0:00:06]} Qxb2 {[%emt 0:00:08]} 28. Ne5 {[%emt 0:00:10]} Bxe5 {[%emt 0:00:06]} 29. Rxe5 {[%emt 0:00:02]} Rad8 {[%emt 0:00:11]} 30. Rxe8+ {[%emt 0:00:10]} Rxe8 {[%emt 0:00:00]} 31. Qc6 {[%emt 0:00:19]} Re2 {[%emt 0:00:07]} 32. Rd1 {[%emt 0:00:01]} Be4 {[%emt 0:00:19]} 33. Qc8+ {[%emt 0:00:01]} Kg7 {[%emt 0:00:02]} 34. Rd8 {[%emt 0:00:11]} Re1+ {[%emt 0:00:01] Weltszmerc poddaje się (Lag: Av=0.83s, max=1.5s)} 0-1

[Event "Stay Safe Play From Home 252"]
[Site "Emanuel Lasker Arena"]
[Date "2020.06.24"]
[Round "3"]
[White "Charlsjulian19"]
[Black "Lazieri3"]
[Result "1/2-1/2"]
[WhiteElo "1636"]
[BlackElo "2082"]
[Annotator "NA"]
[PlyCount "73"]
[EventDate "2020.06.24"]
[EventType "swiss (blitz)"]

1. e4 {[%emt 0:00:03]} c6 {[%emt 0:00:30]} 2. d4 {[%emt 0:00:08]} d5 {[%emt 0:00:00]} 3. Nc3 {[%emt 0:00:07]} dxe4 {[%emt 0:00:10]} 4. Nxe4 {[%emt 0:00:04]} Nd7 {[%emt 0:00:01]} 5. Nf3 {[%emt 0:00:05]} Ngf6 {[%emt 0:00:01]} 6. Nxf6+ {[%emt 0:00:05]} Nxf6 {[%emt 0:00:00]} 7. Bc4 {[%emt 0:00:06]} Bf5 {[%emt 0:00:03]} 8. O-O {[%emt 0:00:06]} e6 {[%emt 0:00:01]} 9. c3 {[%emt 0:00:05]} h6 {[%emt 0:00:02]} 10. Re1 {[%emt 0:00:08]} Bd6 {[%emt 0:00:02]} 11. Qb3 {[%emt 0:00:10]} Qb6 {[%emt 0:00:02]} 12. Qxb6 {[%emt 0:00:24]} axb6 {[%emt 0:00:00]} 13. Ne5 {[%emt 0:00:03]} O-O {[%emt 0:00:03]} 14. f3 {[%emt 0:00:02]} b5 {[%emt 0:00:03]} 15. Bb3 {[%emt 0:00:05]} Nd5 {[%emt 0:00:03]} 16. Bxd5 {[%emt 0:00:06]} exd5 {[%emt 0:00:02]} 17. b3 {[%emt 0:00:02]} Ba3 {[%emt 0:00:05]} 18. Bxa3 {[%emt 0:00:03]} Rxa3 {[%emt 0:00:00]} 19. g4 {[%emt 0:00:01]} Be6 {[%emt 0:00:04]} 20. f4 {[%emt 0:00:02]} f6 {[%emt 0:00:11]} 21. Ng6 {[%emt 0:00:06]} Re8 {[%emt 0:00:01]} 22. f5 {[%emt 0:00:02]} Bf7 {[%emt 0:00:01]} 23. Rxe8+ {[%emt 0:00:41]} Bxe8 {[%emt 0:00:00]} 24. Re1 {[%emt 0:00:05]} Bxg6 {[%emt 0:00:21]} 25. fxg6 {[%emt 0:00:02]} Kf8 {[%emt 0:00:01]} 26. Re2 {[%emt 0:00:01]} Ra8 {[%emt 0:00:05]} 27. Kf1 {[%emt 0:00:05]} Re8 {[%emt 0:00:00]} 28. Rxe8+ {[%emt 0:00:04]} Kxe8 {[%emt 0:00:00]} 29. Kf2 {[%emt 0:00:02]} Ke7 {[%emt 0:00:00]} 30. Kf3 {[%emt 0:00:03]} Ke6 {[%emt 0:00:00]} 31. h4 {[%emt 0:00:03]} f5 {[%emt 0:00:05]} 32. g5 {[%emt 0:00:03]} hxg5 {[%emt 0:00:35]} 33. hxg5 {[%emt 0:00:04]} Kd6 {[%emt 0:00:17]} 34. Kf4 {[%emt 0:00:02]} Ke6 {[%emt 0:00:01]} 35. a3 {[%emt 0:00:01]} b6 {[%emt 0:00:05]} 36. Kg3 {[%emt 0:00:06]} c5 {[%emt 0:00:04]} 37. Kf4 {[%emt 0:00:10] Lazieri3 offers a draw (Lag: Av=1.06s, max=1.6s)} 1/2-1/2

[Event "Stay Safe Play From Home 252"]
[Site "Emanuel Lasker Arena"]
[Date "2020.06.24"]
[Round "3"]
[White "Klasman"]
[Black "Erdema"]
[Result "0-1"]
[WhiteElo "1629"]
[BlackElo "1481"]
[Annotator "NA"]
[PlyCount "44"]
[EventDate "2020.06.24"]
[EventType "swiss (blitz)"]

1. f4 {[%emt 0:00:02]} e6 {[%emt 0:00:01]} 2. e4 {[%emt 0:00:02]} Nf6 {[%emt 0:00:01]} 3. e5 {[%emt 0:00:02]} Nd5 {[%emt 0:00:01]} 4. c4 {[%emt 0:00:01]} Nxf4 {[%emt 0:00:02]} 5. d4 {[%emt 0:00:01]} Ng6 {[%emt 0:00:02]} 6. Nf3 {[%emt 0:00:03]} Nc6 {[%emt 0:00:03]} 7. Bd3 {[%emt 0:00:05]} d6 {[%emt 0:00:03]} 8. h4 {[%emt 0:00:08]} dxe5 {[%emt 0:00:07]} 9. h5 {[%emt 0:00:13]} Nf4 {[%emt 0:00:05]} 10. Bxf4 {[%emt 0:00:10]} exf4 {[%emt 0:00:02]} 11. Nc3 {[%emt 0:00:17]} Nxd4 {[%emt 0:00:05]} 12. Qd2 {[%emt 0:00:25]} Nxf3+ {[%emt 0:00:04]} 13. gxf3 {[%emt 0:00:01]} Bd6 {[%emt 0:00:03]} 14. O-O-O {[%emt 0:00:03]} Bd7 {[%emt 0:00:02]} 15. Ne4 {[%emt 0:00:05]} Be5 {[%emt 0:00:09]} 16. h6 {[%emt 0:00:10]} g6 {[%emt 0:00:03]} 17. Qa5 {[%emt 0:00:32]} Bd4 {[%emt 0:00:11]} 18. Be2 {[%emt 0:00:34]} Be3+ {[%emt 0:00:07]} 19. Kb1 {[%emt 0:00:05]} Qe7 {[%emt 0:00:07]} 20. Rd3 {[%emt 0:00:36]} b6 {[%emt 0:00:15]} 21. Qc3 {[%emt 0:00:16]} O-O-O {[%emt 0:00:05]} 22. Rhd1 {[%emt 0:00:17]} Bc6 {[%emt 0:00:03] Time (Lag: Av=0.54s, max=0.6s)} 0-1

[Event "Stay Safe Play From Home 252"]
[Site "Emanuel Lasker Arena"]
[Date "2020.06.24"]
[Round "3"]
[White "Shyamph1980"]
[Black "Robk"]
[Result "1-0"]
[WhiteElo "1575"]
[BlackElo "1544"]
[Annotator "NA"]
[PlyCount "43"]
[EventDate "2020.06.24"]
[EventType "swiss (blitz)"]

1. e4 {[%emt 0:00:03]} c5 {[%emt 0:00:02]} 2. Nf3 {[%emt 0:00:01]} e6 {[%emt 0:00:01]} 3. d4 {[%emt 0:00:04]} cxd4 {[%emt 0:00:01]} 4. Nxd4 {[%emt 0:00:00]} Nf6 {[%emt 0:00:01]} 5. Nc3 {[%emt 0:00:02]} Nc6 {[%emt 0:00:17]} 6. Bg5 {[%emt 0:00:06]} Bb4 {[%emt 0:00:02]} 7. Be2 {[%emt 0:00:05]} Qa5 {[%emt 0:00:01]} 8. Bxf6 {[%emt 0:00:19]} gxf6 {[%emt 0:00:04]} 9. Qd3 {[%emt 0:00:06]} Ne5 {[%emt 0:00:14]} 10. Qd2 {[%emt 0:00:06]} O-O {[%emt 0:00:15]} 11. Nb3 {[%emt 0:00:16]} Qc7 {[%emt 0:00:04]} 12. O-O {[%emt 0:00:12]} Nc4 {[%emt 0:00:08]} 13. Bxc4 {[%emt 0:00:03]} Qxc4 {[%emt 0:00:01]} 14. f3 {[%emt 0:00:13]} Kh8 {[%emt 0:00:11]} 15. Kh1 {[%emt 0:00:04]} Rg8 {[%emt 0:00:14]} 16. Qe3 {[%emt 0:00:04]} d6 {[%emt 0:00:14]} 17. Rac1 {[%emt 0:00:08]} e5 {[%emt 0:00:05]} 18. Nd5 {[%emt 0:00:05]} Rg6 {[%emt 0:00:04]} 19. Nxb4 {[%emt 0:00:15]} Qxb4 {[%emt 0:00:03]} 20. c4 {[%emt 0:00:06]} Be6 {[%emt 0:00:02]} 21. Qc3 {[%emt 0:00:18]} Rc8 {[%emt 0:00:03]} 22. Qxb4 {[%emt 0:00:03] Robk resigns (Lag: Av=0.80s, max=1.0s)} 1-0

[Event "Stay Safe Play From Home 252"]
[Site "Emanuel Lasker Arena"]
[Date "2020.06.24"]
[Round "4"]
[White "Indianquant"]
[Black "Viani A Dcunha"]
[Result "0-1"]
[WhiteElo "2336"]
[BlackElo "1916"]
[Annotator "TA"]
[PlyCount "94"]
[EventDate "2020.06.24"]
[EventType "swiss (blitz)"]

{[%evp 23,93,26,25,26,29,27,67,62,62,67,43,51,75,3,44,0,0,-20,0,0,0,-91,-110,-179,-199,-172,-186,-356,-193,-295,-235,-436,-431,-435,-427,-508,-485,-499,-451,-768,-747,-739,-539,-502,-401,-478,-170,-154,-167,-175,0,0,26,50,146,137,335,0,0,-95,0,-708,0,-327,-299,-29988,-29989,-29991,-29992,-29992,-29976,-29999]} 1. Nf3 Nf6 2. c4 g6 3. Nc3 Bg7 4. e4 d6 5. d4 O-O 6. Be2 e5 7. O-O Nc6 8. d5 Ne7 9. b4 Nh5 10. Re1 f5 11. Ng5 Nf6 12. f3 c6 13. Be3 {E97: King's Indian: Classical Main Line (6...e5 7 0-0 Nc6): 8 Be3 and 8 d5 Ne7, not 9 Ne1.} Bh6 14. h4 f4 15. Bf2 {White is slightly better.} cxd5 16. cxd5 Bxg5 17. hxg5 Nh5 {[#]} 18. Qc2 $146 (18. Rc1 $16) ({Predecessor:} 18. Rc1 Bd7 19. Bb5 Bc8 20. Be2 Bd7 21. Bb5 Bc8 22. Qc2 Kh8 23. Nb1 Ng8 24. Qc7 Qxg5 25. Qxd6 {½-½ (38) Doric,D (2485)-Timoshenko,G (2551) Rijeka 2008}) 18... Bd7 $11 19. Nb5 (19. Rac1 $14) 19... Bxb5 $1 20. Bxb5 a6 21. Bd3 Nc8 22. Bh4 (22. Rec1 $11 {keeps the balance.}) 22... h6 $1 $17 23. Rec1 (23. Kf1 $17) 23... hxg5 $19 24. Be1 {and if Qc7 works, White does fine.} Rf7 25. a4 $2 (25. Kf1) 25... Kg7 (25... Ng3 $142 26. b5 Rh7) 26. Ra3 (26. Qd2 {was called for.}) 26... Qh8 27. b5 $2 ({But not} 27. Rc3 Ne7 $17) (27. g3 fxg3 28. Qg2) 27... Ng3 28. bxa6 bxa6 29. Rb1 {[#]} g4 $1 {[%mdl 512]} 30. Bc4 (30. fxg4 Qh1+) 30... Ne7 31. Bb4 (31. fxg4 $142 Qh1+ 32. Kf2) 31... Rb8 32. Bxa6 {[#]} Rxb4 $1 {[%mdl 512]} 33. Rxb4 Qh1+ 34. Kf2 {[#]} Nxe4+ $1 {[%mdl 512]} 35. Rxe4 ({Don't go for} 35. Qxe4 $2 g3+ 36. Ke2 Qxg2+ 37. Kd1 Qh1+ 38. Kc2 g2 $19) 35... g3+ 36. Ke2 {Hoping for Kd3.} Qxg2+ $2 (36... Nxd5 $19 37. Kd2 Qxg2+ 38. Kd1 Qg1+ 39. Re1 Qb6) 37. Kd1 $11 Qh1+ 38. Re1 g2 ({Better is} 38... Qh5 $1 $14) 39. Qf2 $16 {And now Rg1 would win.} Nf5 $2 (39... Nxd5 $16 {might work better.} 40. Rg1 Ne3+ 41. Rxe3 {[%mdl 64] Remove Defender} fxe3 42. Qxg2 Qxg2 43. Rxg2 Rxf3) 40. Rb3 $2 (40. Rg1 $18) 40... Ne3+ $1 $11 41. Ke2 {[#]} (41. Kc1 $11 Rc7+ 42. Kb1) 41... Rc7 ({Black should try} 41... Nc2 $1 $17 {[%cal Rc2e1]} 42. Rbb1 Qh3) 42. Rb2 $2 {[%mdl 8192]} (42. Bd3 $11) 42... g5 $2 (42... e4 $19 {Strongly threatening ...exf3+.} 43. Rb7 Rxb7 44. Bxb7 exf3+ 45. Kd3 g5) 43. Rg1 $2 {[%mdl 8192]} (43. Bd3 $1 $11 {and White stays safe.}) 43... Rc1 44. Rxh1 $2 (44. Qxg2 $19 Rxg1 45. Qxh1 Rxh1 46. Rb7+ Kf6 47. Rd7) 44... gxh1=Q {[%csl Gc1,Ge3][%cal Rh1d1] Black mates.} 45. Rb7+ Kf6 {[%csl Gc1,Ge3][%cal Rh1d1]} 46. Kd3 Qd1+ 47. Ke4 Qd4# {Accuracy: White = 31%, Black = 58%.} 0-1

[Event "Stay Safe Play From Home 252"]
[Site "Emanuel Lasker Arena"]
[Date "2020.06.24"]
[Round "4"]
[White "Position"]
[Black "Lazieri3"]
[Result "1-0"]
[WhiteElo "2089"]
[BlackElo "2068"]
[Annotator "TA"]
[PlyCount "99"]
[EventDate "2020.06.24"]
[EventType "swiss (blitz)"]

{[%evp 9,98,0,0,2,22,7,28,17,20,0,34,0,0,-5,0,-8,-8,-7,0,0,0,-31,-29,-103,-102,-118,-114,-141,-156,-194,-199,-227,-194,-222,-210,-190,-180,-170,-129,-114,-79,-94,-74,-145,-119,-114,-109,-113,-34,-156,-123,-171,-116,-139,-108,-126,-31,-25,-6,-266,-243,-345,-283,-383,-379,-346,-335,-524,-524,-524,-510,-29975,-5812,-1328,0,0,-25,-29969,-29970,-29969,-29970,-29966,-29966,-29963,-4590,-5112,-5125,-29989,-29990,-29990,29999]} 1. e4 c6 2. Nf3 d5 3. exd5 cxd5 4. h3 Nc6 5. d4 Nf6 6. Bd3 {B13: Caro-Kann: Exchange Variation and Panov-Botvinnik Attack.} g6 7. O-O Bg7 8. Re1 {White has an edge.} O-O {[#]} 9. Nbd2 $146 ({Predecessor:} 9. c3 Bf5 10. Bxf5 gxf5 11. Nbd2 b5 12. Nf1 Ne4 13. Ng5 e6 14. Qh5 Nf6 15. Qe2 Rb8 16. Nxe6 fxe6 17. Qxe6+ Rf7 {½-½ (17) Nihal,S (2606)-Narayanan,S (2529) Xingtai 2019}) 9... Bf5 10. Nf1 Bxd3 11. Qxd3 e6 12. Ng3 Re8 13. c3 a6 14. Bg5 Qc7 15. Ne5 Nxe5 16. dxe5 (16. Rxe5 $11 {remains equal.} h6 17. Bxf6 Bxf6 18. Ree1) 16... Nd7 $17 17. f4 Qb6+ 18. Kh2 Qxb2 19. Reb1 Qa3 20. Qe3 Qc5 21. Qf3 b5 22. Ne2 Rac8 23. a4 Nb6 24. axb5 axb5 25. Ra5 Nc4 26. Rbxb5 (26. Raxb5 $142 Qc6 27. Qf2) 26... Nxa5 27. Rxc5 Rxc5 28. Qf2 Rec8 (28... Rcc8 $17 29. Qa7 Nb3) 29. Be7 ({White has to play} 29. Bf6 $1 $15) 29... R5c6 30. Bb4 Nc4 (30... Ra6 $19 31. Nd4 Nc4) 31. Qa7 R6c7 32. Qa6 Bf8 (32... Bh6 $17 33. g4 Nd2) 33. Nd4 $15 Ne3 34. Bd6 $2 {[%mdl 8192]} (34. Nxe6 $11 {and White is okay.} Rc6 35. Qa7 Bxb4 36. cxb4) 34... Rxc3 $19 35. Qb7 (35. Bxf8 {was worth a try.} Rxf8 36. Qa7) 35... Nf5 36. Nxf5 gxf5 37. Bxf8 Kxf8 {[%mdl 4096] Endgame KQ-KRR} 38. h4 (38. Qb4+ $142 R3c5 39. Kg3) 38... R3c7 39. Qb4+ Kg7 40. g3 (40. Qb3 $19 h6 41. h5) 40... Rc2+ (40... Rc1 $142 41. Kg2 R8c2+ 42. Kf3 Rd1 43. Qb3 Rdd2 44. Qxc2 Rxc2 45. Ke3 Rc3+ 46. Ke2 Rxg3 47. h5 Ra3 48. Kd2 Ra4 49. h6+ Kxh6 50. Ke3 Kg7 51. Ke2 Rxf4 52. Kd2 Re4 53. Kc3 f4 54. Kd2 f3 55. Kd3 f2 56. Kc3 f1=Q 57. Kc2 Qf3 58. Kc1 Re2 59. Kd1 Qf1#) 41. Kh3 Re2 $2 ({Black should try} 41... R8c7 $19 42. Qd6 h6) 42. Qe7 $11 d4 {aiming for ...d3.} 43. h5 $2 {[%mdl 8192] [#]} (43. Qg5+ $11 Kf8 44. Qf6) 43... h6 $1 44. Qf6+ Kg8 45. Qxh6 Rcc2 {[%csl Gc2][%cal Re2h2]} 46. Kh4 Rh2+ 47. Kg5 {[#]} Rcg2 $1 48. Qf6 Rxg3+ 49. Kh6 Rhg2 $4 {[%mdl 8192]} (49... Rg6+ $1 50. Qxg6+ fxg6 51. Kxg6 d3 52. Kf6 d2 53. Kxe6 d1=Q 54. Kxf5 {[#]} Qd5 $1 {[%mdl 512]} 55. Kf6 Rxh5 56. Ke7 Rf5 57. e6 Rf8 58. f5 Qd8#) 50. Qd8# {Accuracy: White = 41%, Black = 62%.} 1-0

[Event "Stay Safe Play From Home 252"]
[Site "Emanuel Lasker Arena"]
[Date "2020.06.24"]
[Round "4"]
[White "Charlsjulian19"]
[Black "Weltszmerc"]
[Result "0-1"]
[WhiteElo "1700"]
[BlackElo "2066"]
[Annotator "NA"]
[PlyCount "68"]
[EventDate "2020.06.24"]
[EventType "swiss (blitz)"]

1. e4 {[%emt 0:00:03]} Nf6 {[%emt 0:00:01]} 2. e5 {[%emt 0:00:03]} Nd5 {[%emt 0:00:01]} 3. c4 {[%emt 0:00:02]} Nb6 {[%emt 0:00:01]} 4. d4 {[%emt 0:00:04]} d6 {[%emt 0:00:01]} 5. exd6 {[%emt 0:00:01]} cxd6 {[%emt 0:00:00]} 6. Nc3 {[%emt 0:00:00]} g6 {[%emt 0:00:01]} 7. Nf3 {[%emt 0:00:04]} Bg7 {[%emt 0:00:01]} 8. Be3 {[%emt 0:00:03]} O-O {[%emt 0:00:00]} 9. Bd3 {[%emt 0:00:03]} e5 {[%emt 0:00:05]} 10. d5 {[%emt 0:00:03]} N6d7 {[%emt 0:00:01]} 11. Qc2 {[%emt 0:00:11]} f5 {[%emt 0:00:05]} 12. Bg5 {[%emt 0:00:10]} Qa5 {[%emt 0:00:05]} 13. Nd2 {[%emt 0:00:02]} e4 {[%emt 0:00:01]} 14. Be2 {[%emt 0:00:02]} a6 {[%emt 0:00:18]} 15. Nb3 {[%emt 0:00:42]} Qc7 {[%emt 0:00:03]} 16. O-O {[%emt 0:00:04]} Ne5 {[%emt 0:00:04]} 17. Rac1 {[%emt 0:00:19]} Nbd7 {[%emt 0:00:09]} 18. Nd2 {[%emt 0:00:11]} Nc5 {[%emt 0:00:02]} 19. b4 {[%emt 0:00:06]} Ncd3 {[%emt 0:00:03]} 20. Bxd3 {[%emt 0:00:10]} Nxd3 {[%emt 0:00:05]} 21. Rb1 {[%emt 0:00:02]} b5 {[%emt 0:00:03]} 22. Be3 {[%emt 0:00:24]} bxc4 {[%emt 0:00:03]} 23. Na4 {[%emt 0:00:07]} Rb8 {[%emt 0:00:02]} 24. Nxc4 {[%emt 0:00:08]} Rxb4 {[%emt 0:00:04]} 25. Rxb4 {[%emt 0:00:06]} Nxb4 {[%emt 0:00:00]} 26. Qb3 {[%emt 0:00:01]} Nd3 {[%emt 0:00:02]} 27. Bb6 {[%emt 0:00:05]} Qd7 {[%emt 0:00:15]} 28. Na5 {[%emt 0:00:04]} Kh8 {[%emt 0:00:31]} 29. Nc6 {[%emt 0:00:03]} Bb7 {[%emt 0:00:09]} 30. Qc4 {[%emt 0:00:13]} Ne5 {[%emt 0:00:02]} 31. Nxe5 {[%emt 0:00:07]} Bxe5 {[%emt 0:00:00]} 32. Rd1 {[%emt 0:00:05]} Rc8 {[%emt 0:00:04]} 33. Qe2 {[%emt 0:00:02]} Qb5 {[%emt 0:00:07]} 34. Qxb5 {[%emt 0:00:03]} axb5 {[%emt 0:00:00] Charlsjulian19 resigns (Lag: Av=1.05s, max=1.6s)} 0-1

[Event "Stay Safe Play From Home 252"]
[Site "Emanuel Lasker Arena"]
[Date "2020.06.24"]
[Round "4"]
[White "Erdema"]
[Black "Shyamph1980"]
[Result "0-1"]
[WhiteElo "1505"]
[BlackElo "1591"]
[Annotator "NA"]
[PlyCount "54"]
[EventDate "2020.06.24"]
[EventType "swiss (blitz)"]

1. e4 {[%emt 0:00:03]} c5 {[%emt 0:00:01]} 2. Nf3 {[%emt 0:00:02]} e6 {[%emt 0:00:01]} 3. d4 {[%emt 0:00:01]} cxd4 {[%emt 0:00:01]} 4. Nxd4 {[%emt 0:00:01]} a6 {[%emt 0:00:02]} 5. a3 {[%emt 0:00:02]} Qc7 {[%emt 0:00:03]} 6. Be3 {[%emt 0:00:02]} b5 {[%emt 0:00:01]} 7. Be2 {[%emt 0:00:01]} Bb7 {[%emt 0:00:01]} 8. Nc3 {[%emt 0:00:04]} Nf6 {[%emt 0:00:01]} 9. Bf3 {[%emt 0:00:03]} Be7 {[%emt 0:00:04]} 10. O-O {[%emt 0:00:02]} d6 {[%emt 0:00:04]} 11. Nb3 {[%emt 0:00:07]} Nbd7 {[%emt 0:00:03]} 12. Bd4 {[%emt 0:00:06]} O-O {[%emt 0:00:04]} 13. Re1 {[%emt 0:00:06]} Rac8 {[%emt 0:00:04]} 14. Qe2 {[%emt 0:00:12]} Rfe8 {[%emt 0:00:19]} 15. Qd2 {[%emt 0:00:06]} Red8 {[%emt 0:00:16]} 16. Qe2 {[%emt 0:00:04]} Nc5 {[%emt 0:00:04]} 17. Nxc5 {[%emt 0:00:07]} dxc5 {[%emt 0:00:04]} 18. Be3 {[%emt 0:00:01]} b4 {[%emt 0:00:09]} 19. Red1 {[%emt 0:00:00]} bxc3 {[%emt 0:00:03]} 20. Rxd8+ {[%emt 0:00:03]} Rxd8 {[%emt 0:00:03]} 21. bxc3 {[%emt 0:00:02]} Bxe4 {[%emt 0:00:04]} 22. Bxe4 {[%emt 0:00:03]} Nxe4 {[%emt 0:00:03]} 23. Qf3 {[%emt 0:00:15]} Nf6 {[%emt 0:00:09]} 24. h3 {[%emt 0:00:06]} Nd5 {[%emt 0:00:09]} 25. Bd2 {[%emt 0:00:05]} Bf6 {[%emt 0:00:03]} 26. Rb1 {[%emt 0:00:13]} Rb8 {[%emt 0:00:15]} 27. c4 {[%emt 0:00:00]} Rxb1+ {[%emt 0:00:03] Erdema terk eder (Lag: Av=0.81s, max=1.1s)} 0-1

[Event "Stay Safe Play From Home 252"]
[Site "Emanuel Lasker Arena"]
[Date "2020.06.24"]
[Round "5"]
[White "Position"]
[Black "Charlsjulian19"]
[Result "0-1"]
[WhiteElo "2105"]
[BlackElo "1685"]
[Annotator "NA"]
[PlyCount "72"]
[EventDate "2020.06.24"]
[EventType "swiss (blitz)"]

1. e4 {[%emt 0:00:02]} e5 {[%emt 0:00:02]} 2. Nf3 {[%emt 0:00:01]} Nc6 {[%emt 0:00:20]} 3. Bc4 {[%emt 0:00:05]} Bc5 {[%emt 0:00:06]} 4. d3 {[%emt 0:00:01]} Nf6 {[%emt 0:00:20]} 5. O-O {[%emt 0:00:02]} d6 {[%emt 0:00:05]} 6. h3 {[%emt 0:00:01]} a6 {[%emt 0:00:04]} 7. a3 {[%emt 0:00:03]} Ba7 {[%emt 0:00:14]} 8. Re1 {[%emt 0:00:02]} O-O {[%emt 0:00:08]} 9. Be3 {[%emt 0:00:01]} Bxe3 {[%emt 0:00:02]} 10. Rxe3 {[%emt 0:00:00]} Be6 {[%emt 0:00:00]} 11. Nbd2 {[%emt 0:00:03]} Nd4 {[%emt 0:00:02]} 12. Ng5 {[%emt 0:00:06]} Bxc4 {[%emt 0:00:02]} 13. Nxc4 {[%emt 0:00:01]} h6 {[%emt 0:00:01]} 14. Nf3 {[%emt 0:00:02]} b5 {[%emt 0:00:01]} 15. Ncd2 {[%emt 0:00:03]} a5 {[%emt 0:00:02]} 16. Nxd4 {[%emt 0:00:03]} exd4 {[%emt 0:00:01]} 17. Rg3 {[%emt 0:00:01]} Kh7 {[%emt 0:00:02]} 18. Qf3 {[%emt 0:00:06]} c5 {[%emt 0:00:02]} 19. a4 {[%emt 0:00:09]} b4 {[%emt 0:00:02]} 20. Nc4 {[%emt 0:00:01]} d5 {[%emt 0:00:01]} 21. exd5 {[%emt 0:00:13]} Qxd5 {[%emt 0:00:01]} 22. Qd1 {[%emt 0:00:33]} Ne4 {[%emt 0:00:14]} 23. Rf3 {[%emt 0:00:18]} Ra6 {[%emt 0:00:36]} 24. Qe2 {[%emt 0:00:10]} Ng5 {[%emt 0:00:04]} 25. Rg3 {[%emt 0:00:08]} Ne6 {[%emt 0:00:04]} 26. Re1 {[%emt 0:00:04]} g6 {[%emt 0:00:04]} 27. Qg4 {[%emt 0:00:08]} Ng7 {[%emt 0:00:04]} 28. Re5 {[%emt 0:00:03]} Qc6 {[%emt 0:00:04]} 29. h4 {[%emt 0:00:19]} Qxa4 {[%emt 0:00:06]} 30. h5 {[%emt 0:00:04]} Qxc2 {[%emt 0:00:04]} 31. Rxc5 {[%emt 0:00:24]} Re6 {[%emt 0:00:05]} 32. Re5 {[%emt 0:00:22]} Nxh5 {[%emt 0:00:13]} 33. Rxh5 {[%emt 0:00:06]} Re1+ {[%emt 0:00:06]} 34. Kh2 {[%emt 0:00:01]} Qxf2 {[%emt 0:00:03]} 35. Rxh6+ {[%emt 0:00:48]} Kxh6 {[%emt 0:00:04]} 36. Qh4+ {[%emt 0:00:04]} Kg7 {[%emt 0:00:02] Position resigns (Lag: Av=1.34s, max=2.7s)} 0-1